Monetary theory. / (Record no. 2188)
[ view plain ]
| 000 -LEADER | |
|---|---|
| fixed length control field | 01435cam a2200289 i 4500 |
| 001 - CONTROL NUMBER | |
| control field | 1304329 |
| 005 - DATE AND TIME OF LATEST TRANSACTION | |
| control field | 20210414114131.0 |
| 008 - FIXED-LENGTH DATA ELEMENTS--GENERAL INFORMATION | |
| fixed length control field | 770701t19781977ne a b 001 0 eng |
| 010 ## - LIBRARY OF CONGRESS CONTROL NUMBER | |
| LC control number | 77023894 |
| 020 ## - INTERNATIONAL STANDARD BOOK NUMBER | |
| International Standard Book Number | 0444850325 |
| 040 ## - CATALOGING SOURCE | |
| Original cataloging agency | DLC |
| Transcribing agency | DLC |
| Modifying agency | DLC |
| 041 1# - LANGUAGE CODE | |
| Language code of text/sound track or separate title | engjpn |
| 050 00 - LIBRARY OF CONGRESS CALL NUMBER | |
| Classification number | HG221.N2513 |
| 082 00 - DEWEY DECIMAL CLASSIFICATION NUMBER | |
| Classification number | 332.4/01 |
| 100 1# - MAIN ENTRY--PERSONAL NAME | |
| Personal name | Nagatani, Keizō, |
| Dates associated with a name | 1937- |
| 240 10 - UNIFORM TITLE | |
| Uniform title | Kahei keizai no riron. |
| Language of a work | English |
| 245 10 - TITLE STATEMENT | |
| Title | Monetary theory. / |
| Statement of responsibility, etc. | Keizo Nagatani. |
| 260 ## - PUBLICATION, DISTRIBUTION, ETC. | |
| Place of publication, distribution, etc. | Amsterdam ; |
| -- | New York : |
| Name of publisher, distributor, etc. | North-Holland Pub. Co. ; |
| Place of publication, distribution, etc. | New York : |
| Name of publisher, distributor, etc. | sole distributors for the U.S.A. and Canada, Elsevier North-Holland, |
| Date of publication, distribution, etc. | 1978. |
| 300 ## - PHYSICAL DESCRIPTION | |
| Extent | x, 299 p. : |
| Other physical details | ill. ; |
| Dimensions | 23 cm. |
| 490 0# - SERIES STATEMENT | |
| Series statement | Advanced textbooks in economics ; v. 10 |
| 500 ## - GENERAL NOTE | |
| General note | Translation of Kahei keizai no riron. |
| 504 ## - BIBLIOGRAPHY, ETC. NOTE | |
| Bibliography, etc. note | Includes bibliographies and indexes. |
| 505 ## - FORMATTED CONTENTS NOTE | |
| Formatted contents note | Contents: The Direct utility approach -- The Risk-return approach -- The Expected utility approach -- The Transations cost approach money and general equilibrium theory -- The Origin and the evolution of money -- On market adjustments -- Money and intertemporal resource allocation -- Temporary equilibrium and expectations -- The Quantity theory of money -- Keynes' theory -- Money and growth: an introduction to the theory of dynamic aggregative behaviour -- On the theory of monetary policy. |
| 650 #0 - SUBJECT ADDED ENTRY--TOPICAL TERM | |
| Topical term or geographic name entry element | Money. |
| 906 ## - LOCAL DATA ELEMENT F, LDF (RLIN) | |
| a | 7 |
| b | cbc |
| c | orignew |
| d | 1 |
| e | ocip |
| f | 19 |
| g | y-gencatlg |
| 942 ## - ADDED ENTRY ELEMENTS (KOHA) | |
| Source of classification or shelving scheme | Library of Congress Classification |
| Koha item type | Books |
| Withdrawn status | Lost status | Source of classification or shelving scheme | Damaged status | Not for loan | Home library | Current library | Shelving location | Date acquired | Total Checkouts | Full call number | Barcode | Date last seen | Copy number | Price effective from | Koha item type |
|---|---|---|---|---|---|---|---|---|---|---|---|---|---|---|---|
| Library of Congress Classification | WISCONSIN INTERNATIONAL UNIVERSITY COLLEGE, GHANA - MAIN LIBRARY | WISCONSIN INTERNATIONAL UNIVERSITY COLLEGE, GHANA - MAIN LIBRARY | General Stacks | 27/08/2012 | HG221.N2513 | 3536/12 | 27/08/2012 | 1 | 27/08/2012 | Books |
